| 000 | 00666cam a2200193ua 4500 | ||
|---|---|---|---|
| 001 | 49174 | ||
| 040 |
_aRBUC_700050 _dINFLIBNET Centre |
||
| 041 | _aeng | ||
| 084 |
_a822.33Q7 _bS527 |
||
| 100 | _aShakespeare, William | ||
| 245 |
_aTwelfth night or what you will _cWilliam Shakespare; edited by Arthur Quiller Couch and John Dover Wilson _hPaper _kTextual Document |
||
| 260 |
_aCambridge _bCambridge University Press _c1958 |
||
| 300 | _a100p. | ||
| 365 | _aUK 6s | ||
| 490 | _a[The] Cambridge pocket Shakespeare/John Dover Wilson | ||
| 650 | _aEnglish Drama | ||
| 700 |
_aQuiller-Couch, Arthur _eed |
||
| 700 |
_aQuiller-Couch, Arthur _eed1 _aWilson, John Dover _eed |
||
| 999 |
_c28541 _d28541 |
||